000 00579nam a2200205Ia 4500
003 OSt
005 20230508111622.0
008 210423s2013 xx 000 0 und d
020 _a9788126536153
040 _cAL
041 _aeng
082 _a530.141 RAOG
_223
100 _aRAO (Gottapu Sasibhushana).
_999851
245 _aElectromagnetic field theory and transmission lines.
260 _aNew Delhi
_bJohn Wiley & Sons
_c2013
300 _axxii,410
_bPB
365 _b379
_cINR
906 _aElectromagnetic ; field ; lines. ; theory ; transmission
942 _2ddc
_cBK
999 _c162446
_d162446